000 00968nam a22002891 4500
001 134457
003 ES-MaACL
005 20250826072422.0
007 t|
008 070911s1961 sp ||||0| spa d
016 7 _zIND2000944328
040 _aM-BN
_bspa
_cCDM
080 _a658.323
100 1 _aWhite, William Foote.
_9116692
245 1 0 _aEstímulo económico y rendimiento laboral /
_cWilliam Foote White ; [traducción de Fernando Giménez-Ontiveros Solís] ; prólogo de Miguel Siguán.
260 _aMadrid :
_bRialp,
_c1961.
300 _a312 p. ;
_c25 cm.
490 1 _ala empresa y el hombre ;
_v13
650 1 4 _aIncentivos salariales.
_913650
650 1 4 _aTrabajo-
_xProductividad
_917599
700 1 _aJiménez-Ontiveros, Fernando.
_966581
700 1 _aSiguán, Miguel.
_9106313
830 0 3 _aLa empresa y el hombre
_v13
_9231650
852 _aES-MaACL
_jC-20543
_bR.48589
999 _c134457
_d134457